| 000 | 01215cam a2200301 a 4500 | ||
|---|---|---|---|
| 999 |
_c45455 _d45455 |
||
| 001 | 14847067 | ||
| 005 | 20240923165954.0 | ||
| 008 | 070511s2008 mauab b 001 0 eng | ||
| 010 | _a 2007019671 | ||
| 020 | _a9780878934072 (casebound : alk. paper)x | ||
| 020 | _a0878934073 (casebound : alk. paper)x | ||
| 041 | _aeng | ||
| 050 | 0 | 0 |
_aQK95 _b.P548 2008 |
| 080 | _a582 P-71 | ||
| 245 | 0 | 0 |
_aPlant systematics : _ba phylogenetic approach / _cWalter S. Judd ... [et al.]. |
| 250 | _a3rd ed. | ||
| 264 |
_aSunderland, Mass. : _bSinauer Associates, _cc2008. |
||
| 300 |
_axv, 611 p. : _bill. (some col.), col. maps ; _c29 cm. _e+ 1 CD-ROM (4 3/4 in.). |
||
| 504 | _aIncludes bibliographical references and indexes. | ||
| 650 | 0 |
_aPlants _vClassification. _97296 |
|
| 653 | _aმცენარეთა სისტემატიკა | ||
| 653 | _aფილოგენეტიკა | ||
| 700 | 1 |
_aJudd, Walter S. _97297 |
|
| 856 | 4 | 1 |
_3Table of contents only _uhttp://www.loc.gov/catdir/toc/ecip0717/2007019671.html |
| 906 |
_a7 _bcbc _corignew _d1 _eecip _f20 _gy-gencatlg |
||
| 942 |
_2udc _cBK |
||
| 955 |
_ajb14 2007-05-11 _ijb14 2007-05-11 _aaa07 2007-05-11 _aps07 2007-09-06 1 copy rec'd., to CIP ver. |
||